Beginning C++ through game programming / (Record no. 18619)

MARC details
000 -LEADER
fixed length control field 01477cam a22003017a 4500
001 - CONTROL NUMBER
control field 16214407
005 - DATE AND TIME OF LATEST TRANSACTION
control field 20141116102636.0
008 - FIXED-LENGTH DATA ELEMENTS--GENERAL INFORMATION
fixed length control field 100503t2011 xxua fr 001 0 eng d
010 ## - LIBRARY OF CONGRESS CONTROL NUMBER
LC control number 2010928011
020 ## - INTERNATIONAL STANDARD BOOK NUMBER
International Standard Book Number 9781435457423 (pbk.)
020 ## - INTERNATIONAL STANDARD BOOK NUMBER
International Standard Book Number 1435457420 (pbk.)
040 ## - CATALOGING SOURCE
Original cataloging agency YDXCP
Transcribing agency YDXCP
Modifying agency BKL
-- EGM
-- UUC
-- BTCTA
-- FDA
-- BKX
-- ZQP
-- BDX
-- DLC
-- EG-ScBUE
082 00 - DEWEY DECIMAL CLASSIFICATION NUMBER
Classification number 005.133
Edition number 22
Item number DAW
100 1# - MAIN ENTRY--PERSONAL NAME
Personal name Dawson, Michael
9 (RLIN) 36537
245 10 - TITLE STATEMENT
Title Beginning C++ through game programming /
Statement of responsibility, etc Michael Dawson.
246 30 - VARYING FORM OF TITLE
Title proper/short title C++
250 ## - EDITION STATEMENT
Edition statement 3rd ed.
260 ## - PUBLICATION, DISTRIBUTION, ETC. (IMPRINT)
Place of publication, distribution, etc Boston, United States :
Name of publisher, distributor, etc Course Technology,
-- Cengage Learning,
Date of publication, distribution, etc c.2011.
300 ## - PHYSICAL DESCRIPTION
Extent xxi, 410 p. :
Other physical details ill. ;
Dimensions 23 cm.
500 ## - GENERAL NOTE
General note Index : p. 399-410.
505 2# - FORMATTED CONTENTS NOTE
Formatted contents note Types, variables, and standard I / O : lost fortune-Truth, branching, and the game loop : guess my number-For loops, strings, and arrays : word jumble-The standard template library : hangman-Functions : mad lib-References : tic-tac-toe-Pointers : tic-tac-toe 2.0-Classes : critter caretaker-Advanced classes and dynamic memory : game lobby-Inheritance and polymorphism : blackjack.
520 ## - SUMMARY, ETC.
Summary, etc Describes the basics of computer game programming with C++, covering such topics as variables, loops, arrays, references, pointers, and polymorphism.
650 #0 - SUBJECT ADDED ENTRY--TOPICAL TERM
Topical term or geographic name as entry element Computer games
General subdivision Programming
9 (RLIN) 12480
650 #0 - SUBJECT ADDED ENTRY--TOPICAL TERM
Topical term or geographic name as entry element C++ (Computer program language)
9 (RLIN) 3406
653 ## - INDEX TERM--UNCONTROLLED
Resource For college Informatics and Computer Science
Arrived date list November2014
655 ## - INDEX TERM--GENRE/FORM
Form subdivision
-- 34232
942 ## - ADDED ENTRY ELEMENTS (KOHA)
Source of classification or shelving scheme Dewey Decimal Classification
Call number prefix 005.133 DAW
Holdings
Withdrawn status Item status Source of classification or shelving scheme Damaged status Not for loan Vendor Home library Current library Shelving location Date acquired Source of acquisition Cost, normal purchase price Serial Enumeration / chronology Total Checkouts Total Renewals Full call number Barcode Date last seen Date last borrowed Cost, replacement price Koha item type
    Dewey Decimal Classification     Baccah Central Library Central Library Lower Floor 16/11/2014   320.00 20677 3 18 005.133 DAW 000036999 15/07/2025 07/11/2019 400.00 Book - Borrowing